Botanische Ergebnisse der schwedischen Expedition nach Patagonien und dem Fererlande 1907-1909
Uloženo v:
| Hlavní autor: | |
|---|---|
| Médium: | Kniha |
| Jazyk: | němčina |
| Vydáno: |
Estocolmo, Suecia
Almqvist & Wiksell
1916
|
| Edice: | Kungl. Svenska Vetenskapsakademiens Handlingar.
56 |
| Témata: | |
| Tagy: |
Přidat tag
Žádné tagy, Buďte první, kdo vytvoří štítek k tomuto záznamu!
|
MARC
| LEADER | 00000nam a2200000 a 4500 | ||
|---|---|---|---|
| 001 | UCT5241 | ||
| 003 | CL-VaPUC | ||
| 005 | 20240123153801.0 | ||
| 008 | 961205e19160000SW |||||||||||||||||ger|d | ||
| 999 | |c 254220 |d 254218 | ||
| 040 | |c Pontificia Universidad Católica de Valparaíso | ||
| 082 | 0 | 4 | |a 581.09 SKO 1916 |2 21 |
| 100 | 0 | |a Skottsberg, Carl |9 374578 | |
| 245 | 1 | 0 | |a Botanische Ergebnisse der schwedischen Expedition nach Patagonien und dem Fererlande 1907-1909 |
| 260 | 0 | 3 | |a Estocolmo, Suecia |b Almqvist & Wiksell |c 1916 |
| 300 | |a v | ||
| 490 | 0 | |a Kungl. Svenska Vetenskapsakademiens Handlingar. |v 56 | |
| 505 | |a v.5: Die Vegetationsverhältnisse Längs der Cordillera de los Andes S. von 41 s. br. Ein Beitrag zur Kenntnis der Vegetation in Chiloé, Westpatagonien, dem Andinen Patagonien und Feuerland. | ||
| 583 | |a last modification |c 20131003 04:36:33 |k Rodrigo Vera | ||
| 600 | 0 | 7 | |a CORDILLERA DE LOS ANDES |2 CL-VaPUC |9 357907 |
| 650 | 0 | |a Botánica |9 264202 | |
| 650 | 7 | |a PLANTAS SILVESTRES |2 CL-VaPUC |9 347474 | |
| 650 | 0 | |a Vegetación |9 264748 | |
| 650 | 0 | |a Anatomía vegetal |9 269541 | |
| 651 | 0 | |a Patagonia |9 269580 | |
| 651 | 0 | |a Chiloé |z CHILE |9 265209 | |
| 942 | |c BK |2 ddc | ||
| 945 | |d 19961205 00:00:00 |a paguirre | ||